| 000 | 00596 a2200205 4500 | ||
|---|---|---|---|
| 040 | _aULA-LD-MS | ||
| 082 |
_b343/SAM/M _m3 |
||
| 100 |
_9988 _aSAMBO, José Ambrósio Eduardo |
||
| 245 | _aManual de Direito Processual Penal Angolano - Em armonia com o novo Código de Processo Penal | ||
| 250 | _a1ª Edição | ||
| 260 |
_aLuanda Angola _cNovembro de 2024 |
||
| 300 | _a362p. | ||
| 440 | _vVolume II | ||
| 600 | 0 | _aSAMBO, José Ambrósio Eduardo | |
| 650 | _aDireito | ||
| 650 | _aDireito Penal | ||
| 700 | _aJosé Ambrósio EDuardo Sambo | ||
| 942 | _cLivros | ||
| 999 |
_c2165 _d2165 |
||